Responses for show #4566 - Monday, June 14, 2004

Ken Jennings game 9.

Contestants

[<< previous game]

Joe Riley, a bartender from Reisterstown, Maryland

Carla DenHartog, a technical writer from Burlington, Vermont

Ken Jennings, a software engineer from Salt Lake City, Utah (whose 8-day cash winnings total $266,158)

[next game >>]

Jeopardy! Round responses

WORLD WAR I
NAME THAT MOVIE
MIDDLE NAMES
SPOT THE KITTY
MEMORIALS
ADD A LETTER
    $200 22
(Joe: What is the Louisitania?)

the Lusitania

KenJoe
    $200 6
The Silence of the Lambs

Joe
    $200 1
Ashton

Ken
    $200 21
Persian

Joe
    $200 16
(Joe: What is the Pentagon?)

Arlington National Cemetery

KenJoe
    $200 11
B

Ken
    $400 23
Stars & Stripes

Ken
    $400 7
West Side Story

Joe
    $400 2
Thomas Edison

Carla
    $400 27
Manx

Carla
    $400 17
(Joe: What is Spain?)

France

CarlaJoe
    $400 12
T

Ken
    $600 24
Belgium

Triple Stumper
    $600 8
Cold Mountain

Ken
    $600 3
Francis

Ken
    $600 28
Burmese

Carla
    $600 18
sinking of the Titanic

Ken
    $600 13
R

Ken
    $800 25
Estonia, Latvia, & Lithuania

Carla
    $800 9
Star Wars

Joe
    $800 4
James Whistler

Carla
    $800 29
Russian Blue

Carla
    $800 19
the U.S.S. Arizona

Carla
    $800 14
E

Ken
    $1000 26
the Marne

Triple Stumper
    $1000 10
To Have and Have Not

Ken
    $1000 5
Edward

Triple Stumper
    $1000 30
Himalayan

Carla
    $1,000 20
(Carla: What is the Johnsontown flood?)

the Johnstown flood

Carla
    $1000 15
I

Ken

Scores at the first commercial break (after clue 15):

Ken Carla Joe
$5,400 $1,200 $1,400

Scores at the end of the Jeopardy! Round:

Ken Carla Joe
$6,800 $5,000 $800

Double Jeopardy! Round responses

PRESIDENTS
BROADWAY
WOMEN WRITERS
HEAVENS TO BETSY!
HITHER & YON
YOU'RE GOING TO "POT"
    $400 11
(Carla: Who is Truman?)
(Ken: Who is Madison?)
(Joe: Who is Jefferson?)

John Adams

KenCarlaJoe
Triple Stumper
    $400 1
Sesame Street

Carla
    $400 6
Elizabeth Barrett Browning

Ken
    $400 16
Betsy Ross

Ken
    $400 26
Baghdad

Joe
    $400 18
potstickers

Ken
    $800 12
Warren G. Harding

Ken
    $800 2
(Carla: What is Stomp?)

Bring in 'Da Noise, Bring in 'Da Funk

CarlaJoe
    $800 7
Fannie Flagg

Ken
    $800 17
Marty

Joe
    $800 27
Canada

Ken
    $800 22
the potato famine

Joe
    $1200 13
William McKinley

Ken
    $1200 3
Alec Baldwin

Joe
    $1200 8
(Carla: Who is Rand?)

Virginia Woolf

KenCarla
    $2,600 19
(Ken: What is a flower?)

a car

Ken
    $1,800 28
(Ken: What is Denmark?)

Sweden

Ken
    $1200 23
Pottery Barn

Carla
    $1600 14
Millard Fillmore

Ken
    $1600 4
Flower Drum Song

Ken
    $1600 9
George Eliot

Ken
    $1600 20
Betsy Palmer

Triple Stumper
    $1600 29
Bahrain

Ken
    $1600 24
Potomac

Ken
    $2000 15
Franklin Pierce

Carla
    $2000 5
Nine

Carla
    $2000 10
Kate Chopin

Ken
    $2000 21
Betsy from Pike

Ken
    $2000 30
Russia & Ukraine

Triple Stumper
    $2000 25
Potassium

Ken

Scores at the end of the Double Jeopardy! Round:

Ken Carla Joe
$22,000 $8,200 $4,400
(lock game)

[wagering suggestions for these scores]

Final Jeopardy! Round responses

ON EXHIBIT
JoeWhat are ?
$3,800
CarlaWhat is a panda?
$601
KenWhat are giant pandas?
$3,000
giant pandas

Final scores:

Ken Carla Joe
$25,000 $8,801 $600
9-day champion: $291,158 2nd place: $2,000 3rd place: $1,000

Game dynamics:

Coryat scores:

Ken Carla Joe
$26,400 $9,200 $4,400
29 R,
3 W
(including 2 DDs)
13 R,
4 W
(including 1 DD)
9 R,
4 W

Combined Coryat: $40,000

The J! Archive is created by fans, for fans. The Jeopardy! game show and all elements thereof, including but not limited to copyright and trademark thereto, are the property of Jeopardy Productions, Inc. and are protected under law. This website is not affiliated with, sponsored by, or operated by Jeopardy Productions, Inc. Join the discussion at JBoard.tv.